| 000 | 00608nam a2200217 a 4500 | ||
|---|---|---|---|
| 005 | 20251203063949.0 | ||
| 008 | 030306s2001 mx r 000 0 spa d | ||
| 020 | _a8441401098 | ||
| 035 | _aUPN01000122565 | ||
| 049 | _aCG | ||
| 050 | 4 |
_aLB1050.42 _bM6.2 2001 |
|
| 100 | 1 | _aMoreiro, Julián | |
| 245 | 1 | 0 |
_aCómo leer textos literarios : _bel equipaje del lector / _cJulián Moreiro. |
| 250 | _a3a ed. | ||
| 260 |
_aMadrid : _bEDAF, _c2001. |
||
| 300 | _a234 p. | ||
| 440 | 0 |
_aAutoaprendizaje ; _v11 |
|
| 650 | 2 |
_aHábitos de lectura _96074 |
|
| 650 | 4 |
_aIntereses en la lectura _94851 |
|
| 905 | _aLibro | ||
| 999 |
_c94751 _d94751 |
||